<?xml version="1.0" encoding="UTF-8"?><?xml-stylesheet type="text/xsl" href="static/style.xsl"?><OAI-PMH xmlns="http://www.openarchives.org/OAI/2.0/" xmlns:xsi="http://www.w3.org/2001/XMLSchema-instance" xsi:schemaLocation="http://www.openarchives.org/OAI/2.0/ http://www.openarchives.org/OAI/2.0/OAI-PMH.xsd"><responseDate>2026-04-27T22:03:15Z</responseDate><request verb="GetRecord" identifier="oai:uvadoc.uva.es:10324/58009" metadataPrefix="marc">https://uvadoc.uva.es/oai/request</request><GetRecord><record><header><identifier>oai:uvadoc.uva.es:10324/58009</identifier><datestamp>2025-03-26T19:45:08Z</datestamp><setSpec>com_10324_6426</setSpec><setSpec>com_10324_5186</setSpec><setSpec>com_10324_29291</setSpec><setSpec>col_10324_58007</setSpec></header><metadata><record xmlns="http://www.loc.gov/MARC21/slim" xmlns:doc="http://www.lyncode.com/xoai" xmlns:xsi="http://www.w3.org/2001/XMLSchema-instance" xmlns:dcterms="http://purl.org/dc/terms/" xsi:schemaLocation="http://www.loc.gov/MARC21/slim http://www.loc.gov/standards/marcxml/schema/MARC21slim.xsd">
<leader>00925njm 22002777a 4500</leader>
<datafield tag="042" ind1=" " ind2=" ">
<subfield code="a">dc</subfield>
</datafield>
<datafield tag="720" ind1=" " ind2=" ">
<subfield code="a">Baladrón Alonso, Javier</subfield>
<subfield code="e">author</subfield>
</datafield>
<datafield tag="260" ind1=" " ind2=" ">
<subfield code="c">2022</subfield>
</datafield>
<datafield tag="520" ind1=" " ind2=" ">
<subfield code="a">Siempre se ha venido señalando que la escultura vallisoletana sufrió un periodo de acusada decadencia durante el siglo XVIII, afirmación matizable que sin duda se debe al escaso conocimiento y falta de investigación de la misma, dado que la escuela contó con maestros tan destacados como Pedro de Ávila (1678-1755), Pedro de Sierra (1702-1761) y Felipe de Espinabete (1719-1799). Hoy presentamos a un interesantísimo escultor, casi desconocido, que por sus méritos artísticos bien merece ocupar un puesto de honor en la escultura barroca vallisoletana. Estamos hablando de José Fernández (1713-1783).</subfield>
</datafield>
<datafield tag="024" ind2=" " ind1="8">
<subfield code="a">BSAA arte; Núm. 88 (2022) pags. 247-273</subfield>
</datafield>
<datafield tag="024" ind2=" " ind1="8">
<subfield code="a">2530-6359</subfield>
</datafield>
<datafield tag="024" ind2=" " ind1="8">
<subfield code="a">1888-9751</subfield>
</datafield>
<datafield tag="024" ind2=" " ind1="8">
<subfield code="a">https://uvadoc.uva.es/handle/10324/58009</subfield>
</datafield>
<datafield tag="024" ind2=" " ind1="8">
<subfield code="a">10.24197/bsaaa.88.2022.247-273</subfield>
</datafield>
<datafield tag="024" ind2=" " ind1="8">
<subfield code="a">247</subfield>
</datafield>
<datafield tag="024" ind2=" " ind1="8">
<subfield code="a">88</subfield>
</datafield>
<datafield tag="024" ind2=" " ind1="8">
<subfield code="a">273</subfield>
</datafield>
<datafield tag="245" ind1="0" ind2="0">
<subfield code="a">El escultor rococó José Fernández (1713-1783)</subfield>
</datafield>
</record></metadata></record></GetRecord></OAI-PMH>